000 00477nam a2200169Ia 4500
999 _c27162
_d27162
003 OSt
005 20201203093927.0
008 190216s9999||||xx |||||||||||||| ||und||
040 _coclc
082 _a894.8123
_bHYD/T
100 _aHyder, Kurrathul Ain
_97150
245 0 _aTheepuzha /
_cKurrathul Ain Hyder
260 _bPoorna Publications,
_a Kozhikode:
300 _a572p
650 _aNovel
942 _cBK
_2ddc
_h894.8123
_iHYD/T
_k894.8123
_mHYD/T